000 00638nam a2200241Ia 4500
003 OSt
005 20221005083608.0
006 a|||||r|||| 00| 0
007 ta
008 221004b |||||||| |||| 00| 0 eng d
024 _a59989
037 _cTextual
040 _aCRL
_cCRL
_beng
041 _2eng
_aeng
082 _aV2:3(Q).N9, N5
100 _aZakaria Rafiq
245 0 _aWidening divide
_b An insight into Hindu Muslim relations.
260 _aNew Delhi
_bViking
_c1995
300 _a357p.
_ccm.
650 _aHISTORY
942 _hV2:3(Q).N9, N5
_cTEXL
_2cc
999 _c991239
_d991239